[Event "ICS rated standard match"]
[Site "204.178.125.65"]
[Date "1999.12.10"]
[Round "?"]
[White "oso2"]
[Black "Hossa"]
[Result "1-0"]
[WhiteElo "2539"]
[BlackElo "2263"]
[PlyCount "98"]

1. e4 e5 2. Nf3 Nc6 3. Bb5 a6 4. Ba4 d6 5. c4 Nf6 6. d4 exd4 7. Nxd4 Bd7 8.
Nxc6 Bxc6 9. Bxc6+ bxc6 10. Qa4 Qd7 11. O-O Be7 12. Nc3 O-O 13. f3 c5 14. Qc2
Qe6 15. b3 c6 16. Rd1 Nd7 17. Bf4 f5 18. exf5 Rxf5 19. Re1 Ne5 20. Bg3 Qf6 21.
Rad1 Rd8 22. Re2 g6 23. Ne4 Qf8 24. Rde1 Bf6 25. Nxf6+ Qxf6 26. Re3 Nf7 27. Re6
Qd4+ 28. Bf2 Qf4 29. R6e4 Qh6 30. Re8+ Rxe8 31. Rxe8+ Kg7 32. Qc3+ Rf6 33. Ra8
Qf4 34. Rxa6 Qf5 35. h3 Ne5 36. Bg3 Nf7 37. Rxc6 Qb1+ 38. Kh2 Qf5 39. a3 Qd7
40. Ra6 Qb7 41. Ra5 Qe7 42. b4 Kf8 43. b5 Kg7 44. a4 g5 45. b6 Qb7 46. Qb2 Qb8
47. Rxc5 Kg6 48. b7 Nd8 49. Rxg5+ Kf7 1-0

[Event "ICS rated blitz match"]
[Site "204.178.125.65"]
[Date "1999.12.10"]
[Round "?"]
[White "Hossa"]
[Black "Beadle"]
[Result "0-1"]
[WhiteElo "2466"]
[BlackElo "2579"]
[PlyCount "168"]

1. e4 e5 2. Nf3 Nc6 3. Bb5 a6 4. Ba4 Nf6 5. O-O Be7 6. d4 exd4 7. Re1 b5 8. e5
Nxe5 9. Rxe5 bxa4 10. Nxd4 O-O 11. Nf5 Re8 12. Bg5 d6 13. Nxe7+ Rxe7 14. Bxf6
gxf6 15. Rxe7 Qxe7 16. Nc3 Rb8 17. Nxa4 Bd7 18. b3 Qe5 19. Rb1 Bc6 20. Nb2 Qg5
21. Qf1 Kh8 22. Nd1 Rg8 23. Ne3 Be4 24. Rd1 Bf3 25. Re1 Qa5 26. Kh1 Bc6 27. Rd1
Bb7 28. Qc4 Qh5 29. Rg1 c5 30. Qa4 Qe5 31. Qd7 Be4 32. c4 Qe6 33. Qa7 f5 34.
Nf1 f4 35. f3 Ra8 36. Qb6 Bd3 37. Qb7 Rd8 38. Qxa6 Qe1 39. Ng3 Qe5 40. Qa5 Re8
41. Nf1 Qe1 42. Qxe1 Rxe1 43. Nd2 Re2 44. Nb1 Rxa2 45. Nc3 Ra6 46. Nd5 Ra3 47.
Rc1 Rxb3 48. Kg1 Rb1 49. Rxb1 Bxb1 50. Nb6 Bf5 51. Kf2 Kg7 52. Ke2 h5 53. g3
fxg3 54. hxg3 Be6 55. Ke3 Kg6 56. f4 Kf5 57. Kf3 f6 58. Ke3 Kg4 59. Kf2 h4 60.
gxh4 Kxf4 61. Ke2 Kg4 62. Kd3 Kxh4 63. Na8 Kg4 64. Nc7 Kf5 65. Na6 Ke5 66. Nc7
f5 67. Kc3 f4 68. Kd3 f3 69. Ke3 Bxc4 70. Kxf3 d5 71. Ke3 d4+ 72. Kd2 Bd5 73.
Ke2 Bc6 74. Kf2 Kd6 75. Na6 Bb7 76. Nb8 c4 77. Kg3 c3 78. Kf2 c2 79. Na6 Bxa6
80. Kg3 c1=Q 81. Kg4 Be2+ 82. Kg3 Qg1+ 83. Kh3 d3 84. Kh4 Qg4# 0-1

[Event "ICS rated blitz match"]
[Site "204.178.125.65"]
[Date "1999.12.10"]
[Round "?"]
[White "Hossa"]
[Black "PostModernist"]
[Result "0-1"]
[WhiteElo "2455"]
[BlackElo "2600"]
[PlyCount "110"]

1. e4 c5 2. Nf3 Nc6 3. d4 cxd4 4. Nxd4 g6 5. c4 Nf6 6. Nc3 d6 7. Be2 Nxd4 8.
Qxd4 Bg7 9. O-O O-O 10. Bg5 Be6 11. Qe3 Qb6 12. Qxb6 axb6 13. Rfe1 Rfc8 14. Nd5
Bxd5 15. exd5 b5 16. Bf3 bxc4 17. Rxe7 Re8 18. Rxb7 Rxa2 19. Rc1 h6 20. Be3 Ra5
21. Be2 c3 22. bxc3 Nxd5 23. Bc4 Rc8 24. Bb3 Rxc3 25. Rd1 Nxe3 26. Bxf7+ Kh7
27. fxe3 Rf5 28. e4 Rf6 29. Rd7 h5 30. h4 Rf4 31. Bd5 Kh6 32. Ra7 Rxh4 33. Ra2
Be5 34. Kf2 Rf4+ 35. Kg1 Rc8 36. Rad2 Rcf8 37. Ra2 R8f6 38. Rc2 Kg5 39. Rcd2
Rf8 40. Rb1 Rh4 41. g3 Bxg3 42. Rb5 Rhf4 43. Bc6+ Kh4 44. Rb1 Rf3 45. Rc2 g5
46. Bd5 g4 47. Rd2 Bf2+ 48. Kh1 Rh3+ 49. Kg2 Rff3 50. Ba2 Be3 51. Rbb2 Rhg3+
52. Kh2 Rf1 53. Rf2 Rgg1 54. Rf3 Rh1+ 55. Kg2 gxf3# 0-1

[Event "ICS rated bullet match"]
[Site "204.178.125.65"]
[Date "1999.12.10"]
[Round "?"]
[White "Hossa"]
[Black "baloo"]
[Result "1-0"]
[WhiteElo "2555"]
[BlackElo "2449"]
[PlyCount "27"]
[EventDate "1999.??.??"]

1. e4 e6 2. d4 d5 3. Nc3 Bb4 4. e5 c5 5. Bd2 Ne7 6. a3 Ba5 7. dxc5 Bxc3 8. Bxc3
O-O 9. Nf3 Nd7 10. Bd3 Nxc5 11. Bxh7+ Kxh7 12. Ng5+ Kg6 13. Qg4 f5 14. exf6 1-0

[Event "ICS rated blitz match"]
[Site "204.178.125.65"]
[Date "1999.12.10"]
[Round "?"]
[White "Beadle"]
[Black "Hossa"]
[Result "1-0"]
[WhiteElo "2590"]
[BlackElo "2445"]
[PlyCount "109"]

1. d4 Nf6 2. Nf3 e6 3. c4 d5 4. Nc3 Be7 5. Bf4 O-O 6. e3 Nbd7 7. Qb3 Nb6 8. c5
Nbd7 9. Nb5 Ne8 10. Bd3 Ndf6 11. O-O c6 12. Nc3 b6 13. Qa4 Bb7 14. Qb4 Bc8 15.
Ne5 bxc5 16. dxc5 Bd7 17. Ne2 a6 18. Rac1 Qc8 19. Nd4 Nh5 20. Qb6 Nxf4 21. exf4
Nf6 22. Nexc6 Bxc6 23. Nxc6 Bd8 24. Nxd8 Rxd8 25. c6 Rd6 26. Qb7 Rd8 27. Rfe1
a5 28. f5 exf5 29. Re7 Rf8 30. Qxc8 Raxc8 31. Bxf5 Rce8 32. Rxe8 Nxe8 33. c7
Nd6 34. Bd7 Nc8 35. Bc6 h5 36. Bxd5 g5 37. Rc5 Nd6 38. Rc6 Re8 39. h4 Nc8 40.
hxg5 Kg7 41. Bc4 Re1+ 42. Kh2 Rc1 43. b3 Rc2 44. Rf6 Rxa2 45. Rxf7+ Kg6 46. Rf8
Ne7 47. f4 Re2 48. Bxe2 a4 49. Re8 Nc8 50. Rxc8 Kf5 51. Rf8+ Ke4 52. c8=Q Ke3
53. Qc3+ Kf2 54. Bb5 axb3 55. Qg3# 1-0

[Event "ICS rated blitz match"]
[Site "204.178.125.65"]
[Date "1999.12.10"]
[Round "?"]
[White "Hossa"]
[Black "PostModernist"]
[Result "0-1"]
[WhiteElo "2435"]
[BlackElo "2622"]
[PlyCount "120"]

1. e4 c5 2. Nf3 Nc6 3. d4 cxd4 4. Nxd4 Nf6 5. Nc3 d6 6. Bc4 Qb6 7. Ndb5 a6 8.
Be3 Qd8 9. Nd4 Ng4 10. O-O Nxe3 11. fxe3 Ne5 12. Bb3 e6 13. Qh5 Be7 14. Nf3
Nxf3+ 15. Rxf3 Bf6 16. Raf1 O-O 17. Rh3 h6 18. Rhf3 Kh7 19. Qh3 Bd7 20. R3f2
Qe7 21. Qh5 Bc6 22. Ba4 g6 23. Qf3 Bxc3 24. Bxc6 Bg7 25. Ba4 b5 26. Bb3 a5 27.
c3 a4 28. Bc2 a3 29. bxa3 Rxa3 30. Bb3 Ra7 31. Qe2 Bxc3 32. Qxb5 Be5 33. Qb6
Rb7 34. Qc6 Rc7 35. Qa4 Qh4 36. h3 Qg3 37. Rf3 Qh2+ 38. Kf2 Rfc8 39. a3 Kg7 40.
Qb5 Bf6 41. Rxf6 Kxf6 42. Qe2 Rc3 43. Rb1 Qe5 44. Qf3+ Kg7 45. Ba4 Rxa3 46. Bd1
Rcc3 47. Rb7 Qf6 48. Qxf6+ Kxf6 49. Rd7 Ra2+ 50. Kf3 Rd3 51. Be2 Rdd2 52. e5+
Kxe5 53. Bd1 Rxd1 54. g4 Rf1+ 55. Kg3 Ke4 56. Kh4 Rf3 57. Rxf7 Rxf7 58. g5 Kxe3
59. gxh6 Rg2 60. h7 Rxh7# 0-1

[Event "ICS rated blitz match"]
[Site "204.178.125.65"]
[Date "1999.12.10"]
[Round "?"]
[White "PostModernist"]
[Black "Hossa"]
[Result "1/2-1/2"]
[WhiteElo "2630"]
[BlackElo "2427"]
[PlyCount "48"]

1. e4 c5 2. Nf3 Nc6 3. d4 cxd4 4. Nxd4 Nf6 5. Nc3 d6 6. Bg5 e6 7. Qd2 a6 8.
O-O-O Bd7 9. f4 b5 10. Re1 Be7 11. e5 dxe5 12. fxe5 b4 13. Nd1 Nd5 14. Bxe7
Qxe7 15. Bc4 Qc5 16. Nf5 O-O 17. Bxd5 exd5 18. Nxg7 Kxg7 19. Qg5+ Kh8 20. Qf6+
Kg8 21. Qg5+ Kh8 22. Qf6+ Kg8 23. Qg5+ Kh8 24. Qf6+ Kg8 1/2-1/2

[Event "ICS rated blitz match"]
[Site "204.178.125.65"]
[Date "1999.12.10"]
[Round "?"]
[White "Hossa"]
[Black "PostModernist"]
[Result "1/2-1/2"]
[WhiteElo "2435"]
[BlackElo "2622"]
[PlyCount "73"]

1. e4 c5 2. Nf3 e6 3. d4 cxd4 4. Nxd4 Nf6 5. Nc3 Nc6 6. Nxc6 bxc6 7. Bd3 d5 8.
O-O Be7 9. Bf4 a6 10. e5 Nd7 11. Qg4 g5 12. Bd2 Nxe5 13. Qd4 Bd6 14. f4 Qe7 15.
Qa4 Qa7+ 16. Kh1 Nxd3 17. Qxc6+ Bd7 18. Qxd6 Qc5 19. Qxc5 Nxc5 20. fxg5 d4 21.
b4 dxc3 22. Bxc3 Rg8 23. bxc5 Rxg5 24. Bd4 Bc6 25. Rf2 Rg6 26. Rb1 Rd8 27. Be5
f5 28. Rb8 Rxb8 29. Bxb8 Rg4 30. Kg1 Rb4 31. Be5 Re4 32. Bc7 Re1+ 33. Rf1 Re2
34. Rf2 Re1+ 35. Rf1 Re2 36. Rf2 Re1+ 37. Rf1 1/2-1/2

[Event "ICS rated blitz match"]
[Site "204.178.125.65"]
[Date "1999.12.10"]
[Round "?"]
[White "PostModernist"]
[Black "Hossa"]
[Result "1-0"]
[WhiteElo "2614"]
[BlackElo "2443"]
[PlyCount "87"]

1. d4 Nf6 2. Nf3 e6 3. c4 Bb4+ 4. Nc3 d5 5. a3 Bxc3+ 6. bxc3 dxc4 7. Qa4+ Nc6
8. Qxc4 O-O 9. Bg5 Qd5 10. Qxd5 exd5 11. Bxf6 gxf6 12. e3 Re8 13. Rb1 Rb8 14.
Bd3 Be6 15. g4 Na5 16. h3 Kg7 17. Nh4 Kh6 18. Ng2 Nc4 19. Nf4 a5 20. Nh5 Nd6
21. Nxf6 Rh8 22. f4 Kg7 23. Nh5+ Kh6 24. Rg1 b6 25. Rb2 Rbd8 26. Rbg2 Bc8 27.
Kf2 c6 28. Kg3 Rhf8 29. Kf3 Rh8 30. a4 Bd7 31. Kg3 Rhe8 32. Kf2 Re7 33. Rb1 b5
34. axb5 Nxb5 35. Rc1 Rh8 36. h4 Be8 37. f5 Nxc3 38. Rxc3 Re4 39. g5+ Kxh5 40.
Be2+ Kxh4 41. Rc1 Rxe3 42. Rh1+ Rh3 43. Rg4+ Kh5 44. Rxh3# 1-0

[Event "ICS rated blitz match"]
[Site "204.178.125.65"]
[Date "1999.12.10"]
[Round "?"]
[White "PostModernist"]
[Black "Hossa"]
[Result "1-0"]
[WhiteElo "2618"]
[BlackElo "2437"]
[PlyCount "99"]

1. e4 c5 2. Nf3 e6 3. d4 cxd4 4. Nxd4 Nf6 5. Nc3 Nc6 6. Ndb5 d6 7. Bf4 e5 8.
Bg5 a6 9. Na3 Be7 10. Nc4 Nd4 11. Bxf6 Bxf6 12. Nd5 Be6 13. Ncb6 Ra7 14. c3 Nc6
15. Nxf6+ gxf6 16. Nd5 Bxd5 17. Qxd5 Ne7 18. Qd3 Nc8 19. O-O-O Qa5 20. a3 Qd8
21. g3 Qd7 22. h4 Qc6 23. Bh3 Ke7 24. f4 Nb6 25. Rhf1 Raa8 26. Qf3 h5 27. Rf2
Rh6 28. fxe5 dxe5 29. Rfd2 Qc5 30. b4 Qc7 31. Rd6 Rg6 32. Bf5 Rag8 33. Bxg6
Rxg6 34. R6d3 Qc4 35. Qxh5 Qa2 36. Qh8 Qxa3+ 37. Kd2 Nd5 38. Qc8 Qa2+ 39. Ke1
Qg2 40. exd5 Qg1+ 41. Kd2 Qf2+ 42. Kc1 f5 43. d6+ Rxd6 44. Rxd6 Qe3+ 45. Kb1
Qe4+ 46. Ka1 Qb1+ 47. Kxb1 f6 48. Qd8+ Kf7 49. Rxf6+ Kg7 50. Rd7# 1-0

[Event "ICS rated blitz match"]
[Site "204.178.125.65"]
[Date "1999.12.10"]
[Round "?"]
[White "Hossa"]
[Black "PostModernist"]
[Result "0-1"]
[WhiteElo "2429"]
[BlackElo "2626"]
[PlyCount "192"]

1. e4 c5 2. Nf3 d6 3. d4 Nf6 4. Nc3 cxd4 5. Nxd4 e6 6. g3 Be7 7. Bg2 a6 8. O-O
O-O 9. Be3 Qc7 10. Qe2 Nc6 11. Rad1 Bd7 12. Rfe1 Ne5 13. f4 Neg4 14. Bc1 e5 15.
fxe5 dxe5 16. Nb3 a5 17. Rf1 a4 18. Na1 a3 19. Nb3 axb2 20. Bxb2 Bb4 21. Rf3
Bxc3 22. Bxc3 Rxa2 23. Kh1 Be6 24. Rd2 Ra4 25. Qb5 Rxe4 26. Ba5 Qc4 27. Qxc4
Bxc4 28. Bh3 Re1+ 29. Kg2 e4 30. Rf4 e3 31. Rxc4 exd2 32. Bxd2 Re2+ 33. Kf1 Ne5
34. Rb4 Rxh2 35. Bg2 Nfg4 36. Rxb7 Nc4 37. Kg1 Rd8 38. Rb4 Nce5 39. Rb7 h5 40.
Rc7 g5 41. Rc5 f6 42. Rc3 Kh8 43. Kf1 f5 44. Kg1 f4 45. gxf4 gxf4 46. Bxf4 Rd1+
47. Bf1 Rh1+ 48. Kxh1 Rxf1+ 49. Kg2 Rxf4 50. Kg3 Re4 51. Nc1 Kg7 52. Rb3 Ne3
53. Rb7+ Kf6 54. Nd3 Nxc2 55. Nxe5 Rxe5 56. Kh4 Nd4 57. Rb6+ Ne6 58. Rc6 Rb5
59. Ra6 Rc5 60. Rb6 Rf5 61. Kg3 Ke5 62. Rb8 Nd4 63. Re8+ Kd5 64. Re7 Rg5+ 65.
Kh3 Nf5 66. Ra7 Rg3+ 67. Kh2 h4 68. Kh1 Kd6 69. Ra5 Ke6 70. Rb5 Ne3 71. Rb6+
Ke5 72. Rb4 h3 73. Rb8 Ng4 74. Rb5+ Kf6 75. Rb6+ Kg5 76. Rb5+ Kf4 77. Rb4+ Kf5
78. Rb5+ Ke4 79. Rb4+ Kd5 80. Rb5+ Kd6 81. Rb6+ Ke7 82. Rb7+ Ke6 83. Rb6+ Kf7
84. Rb7+ Kg6 85. Rb6+ Nf6 86. Rd6 Kg5 87. Ra6 Rb3 88. Ra1 Ng4 89. Rg1 Rb2 90.
Rf1 Kh4 91. Rc1 Rh2+ 92. Kg1 Rg2+ 93. Kf1 Ne3+ 94. Ke1 h2 95. Rc4+ Nxc4 96. Kd1
h1=Q# 0-1

[Event "ICS rated blitz match"]
[Site "204.178.125.65"]
[Date "1999.12.10"]
[Round "?"]
[White "star"]
[Black "Hossa"]
[Result "1-0"]
[WhiteElo "2348"]
[BlackElo "2421"]
[PlyCount "191"]

1. d4 Nf6 2. c4 e6 3. Nf3 c5 4. d5 exd5 5. cxd5 d6 6. Nc3 Be7 7. e4 O-O 8. Be2
Re8 9. O-O Bg4 10. Qb3 Qb6 11. Qxb6 axb6 12. Bf4 Nbd7 13. Rfe1 Nh5 14. Bd2 Bf6
15. Bb5 Re7 16. Ng5 h6 17. h3 Bxc3 18. Bxc3 hxg5 19. hxg4 Nhf6 20. f3 Ne8 21.
a4 Ne5 22. b4 Nc7 23. Be2 Na6 24. Reb1 Nd7 25. bxc5 Naxc5 26. Bb5 Ne5 27. Bd4
f6 28. Ra3 g6 29. Rb4 Kg7 30. Be2 Ned7 31. g3 Ra7 32. Bb5 Ne5 33. Bf1 Ned7 34.
Kg2 Ra5 35. Bb5 Ne5 36. Be2 Ned7 37. Ra1 Kg8 38. Bb5 Ne5 39. Bf1 Ned7 40. Bc4
Kg7 41. Bb5 Ne5 42. Bf1 Ned7 43. Ra3 Kg8 44. Bb5 Ne5 45. Be2 Ned7 46. Bc4 Kg7
47. Kf2 Kh6 48. Bb5 Ne5 49. Bxe5 Rxe5 50. Be2 Nd7 51. Rc3 Rc5 52. Rxc5 dxc5 53.
Rb1 f5 54. gxf5 gxf5 55. Bd3 fxe4 56. Bxe4 g4 57. Rh1+ Rh5 58. Rxh5+ Kxh5 59.
Bf5 Ne5 60. Bxg4+ Kg6 61. Ke3 Nc4+ 62. Kf4 Kf6 63. Bf5 Nb2 64. Bc2 Nc4 65. g4
Kf7 66. g5 Ke7 67. Ke4 Nd6+ 68. Ke5 Nc4+ 69. Kf4 Nd6 70. Bd3 c4 71. Be2 c3 72.
Bd3 Nc4 73. Ke4 Nd2+ 74. Ke3 Nb3 75. f4 Na1 76. g6 Kf6 77. d6 c2 78. Kd2 Nb3+
79. Kxc2 Nd4+ 80. Kc3 Nc6 81. f5 Nd8 82. Kb4 Nc6+ 83. Kb5 Kg7 84. Kxb6 Kf6 85.
d7 Nd8 86. Kc7 Ke7 87. f6+ Kxf6 88. Kxd8 b5 89. Ke8 Ke5 90. d8=Q Kf4 91. Qd4+
Kf3 92. Qe4+ Kf2 93. Qf4+ Kg2 94. g7 Kg1 95. g8=Q+ Kh1 96. Qh4# 1-0

[Event "ICS rated blitz match"]
[Site "204.178.125.65"]
[Date "1999.12.11"]
[Round "?"]
[White "Hossa"]
[Black "star"]
[Result "0-1"]
[WhiteElo "2402"]
[BlackElo "2367"]
[PlyCount "82"]

1. e4 d6 2. d4 Nf6 3. Nc3 g6 4. f4 Bg7 5. Nf3 c5 6. dxc5 Qa5 7. e5 dxe5 8. fxe5
Nfd7 9. Qd5 O-O 10. Be3 Nc6 11. Be2 Ndxe5 12. Nxe5 Bxe5 13. O-O Be6 14. Qd2
Rad8 15. Bd3 Bc4 16. Bh6 Qxc5+ 17. Kh1 Rfe8 18. Bxc4 Qxc4 19. Qe1 f5 20. Rb1 e6
21. a3 Bxc3 22. bxc3 Rd7 23. Qg3 Qa2 24. Rbe1 Qxc2 25. Rf2 Qd3 26. Rf3 Qd6 27.
Rf4 Kh8 28. a4 e5 29. Kg1 e4 30. Qe3 Ne5 31. Rb1 Ng4 32. Rxg4 fxg4 33. Qxa7 b5
34. Qa5 e3 35. Re1 Qd2 36. Rf1 Rf7 37. Rxf7 Qd1+ 38. Rf1 e2 39. Bg7+ Kg8 40. h4
g3 41. Rxd1 exd1=Q# 0-1

[Event "ICS rated blitz match"]
[Site "204.178.125.65"]
[Date "1999.12.11"]
[Round "?"]
[White "Hossa"]
[Black "PostModernist"]
[Result "1-0"]
[WhiteElo "2384"]
[BlackElo "2619"]
[PlyCount "87"]

1. e4 c5 2. Nf3 e6 3. d4 cxd4 4. Nxd4 a6 5. Bd3 Nf6 6. O-O Qc7 7. Qe2 d6 8. Be3
Be7 9. Nc3 Nc6 10. Rfd1 O-O 11. Rd2 Ne5 12. Rad1 Bd7 13. Bg5 Rfc8 14. Nf3 Nxf3+
15. Qxf3 Qc5 16. Qe3 Qb4 17. e5 dxe5 18. Bxf6 Bxf6 19. Bxh7+ Kxh7 20. Rxd7 Qxb2
21. Ne4 Rxc2 22. Nxf6+ gxf6 23. Qh3+ Kg6 24. Qg4+ Kh6 25. R7d3 Rc3 26. Qh3+ Kg7
27. Rxc3 Qe2 28. Rg3+ Kf8 29. Qh6+ Ke7 30. Rgd3 Qxd3 31. Rxd3 Rc8 32. Rf3 Kd7
33. Rxf6 Ke7 34. Rf3 Rc6 35. Qg5+ f6 36. Qxf6+ Kd6 37. Rd3+ Kc5 38. Qxe5+ Kb6
39. Qd4+ Rc5 40. Rc3 Ka7 41. Qxc5+ Kb8 42. Rd3 b5 43. Qb6+ Kc8 44. Rd8# 1-0

[Event "ICS rated blitz match"]
[Site "204.178.125.65"]
[Date "1999.12.11"]
[Round "?"]
[White "PostModernist"]
[Black "Hossa"]
[Result "1/2-1/2"]
[WhiteElo "2594"]
[BlackElo "2409"]
[PlyCount "25"]

1. d4 Nf6 2. c4 g6 3. Nc3 Bg7 4. Nf3 d5 5. Qb3 dxc4 6. Qxc4 Nc6 7. e4 O-O 8.
Be2 Nd7 9. Be3 Nb6 10. Qc5 Nd7 11. Qc4 Nb6 12. Qc5 Nd7 13. Qc4 1/2-1/2

[Event "ICS rated blitz match"]
[Site "204.178.125.65"]
[Date "1999.12.11"]
[Round "?"]
[White "Hossa"]
[Black "PostModernist"]
[Result "0-1"]
[WhiteElo "2417"]
[BlackElo "2586"]
[PlyCount "176"]

1. e4 c5 2. Nf3 d6 3. d4 Nf6 4. Nc3 cxd4 5. Nxd4 Nc6 6. Bg5 Bd7 7. Qd2 Rc8 8.
O-O-O Nxd4 9. Qxd4 Qa5 10. Be3 a6 11. f3 g6 12. Kb1 Bg7 13. Nd5 Qa4 14. Bd3
Qxd4 15. Bxd4 e5 16. Nxf6+ Bxf6 17. Be3 h5 18. Rd2 Be7 19. Rhd1 f5 20. c3 f4
21. Bf2 Kf7 22. Bc2 Be6 23. Bb3 Bxb3 24. axb3 g5 25. Rd5 g4 26. Bb6 gxf3 27.
gxf3 Rc6 28. Bf2 Rg8 29. Rg1 Rxg1+ 30. Bxg1 Rc8 31. Bb6 Rg8 32. Kc2 h4 33. b4
Rg2+ 34. Rd2 h3 35. Kd3 Ke6 36. c4 Kd7 37. b5 axb5 38. cxb5 Ke6 39. Kc2 Bh4 40.
Kd1 Rxd2+ 41. Kxd2 d5 42. exd5+ Kxd5 43. Kd3 Bg3 44. Bg1 Be1 45. Bb6 Bb4 46.
Bf2 Be7 47. Bb6 Bd6 48. Ba7 Bc7 49. Bf2 Ba5 50. Bg1 Bd8 51. Bf2 Bc7 52. Bg1 Ba5
53. Bf2 Bb4 54. Bb6 Be1 55. Ba7 Ke6 56. Ke4 Bg3 57. Bg1 Bh4 58. b6 Be7 59. Bf2
Bb4 60. Bg1 Bd2 61. Bc5 Be1 62. b4 Bh4 63. b5 Be1 64. Bg1 Bg3 65. Kd3 Kd5 66.
Kd2 Kc4 67. Ke2 Bh4 68. Kd2 Bg5 69. Kc2 Be7 70. Bf2 Bb4 71. Bg1 Bc3 72. Bc5 Bd4
73. Bxd4 exd4 74. Kd2 Kxb5 75. Kd3 Kc5 76. Ke4 Kc4 77. Kxf4 d3 78. Ke3 Kc3 79.
f4 d2 80. Ke2 Kc2 81. Kf2 d1=Q 82. Kg3 Kd3 83. Kh4 Qg1 84. Kh5 Ke4 85. Kh6 Kf5
86. Kh7 Qg6+ 87. Kh8 Kf6 88. f5 Qg7# 0-1

[Event "ICS rated blitz match"]
[Site "204.178.125.65"]
[Date "1999.12.11"]
[Round "?"]
[White "Rabbit-Basher"]
[Black "Hossa"]
[Result "0-1"]
[WhiteElo "2238"]
[BlackElo "2408"]
[PlyCount "72"]

1. e4 c5 2. Nc3 Nc6 3. f4 Qc7 4. Nf3 Qxf4 5. d4 Qg4 6. d5 Nd4 7. Nxd4 Qxd1+ 8.
Kxd1 cxd4 9. Nb5 Rb8 10. Nxa7 Nf6 11. Bf4 d6 12. Nxc8 Rxc8 13. Bb5+ Kd8 14. Re1
e5 15. Bd2 Ng4 16. c4 Nxh2 17. Ba5+ Ke7 18. b4 Ng4 19. c5 Ne3+ 20. Kd2 f5 21.
c6 fxe4 22. Rac1 Nxd5 23. cxb7 e3+ 24. Kd3 Rb8 25. Bc6 Ke6 26. b5 Nf4+ 27. Ke4
d5+ 28. Kf3 Nd3 29. a4 Nxc1 30. Rxc1 Ba3 31. Ra1 Rhf8+ 32. Kg3 Bd6 33. Be1 e4+
34. Kh3 Rf1 35. a5 Rh1+ 36. Kg4 Rf8 0-1

[Event "ICS rated blitz match"]
[Site "204.178.125.65"]
[Date "1999.12.11"]
[Round "?"]
[White "Hossa"]
[Black "Rabbit-Basher"]
[Result "1-0"]
[WhiteElo "2417"]
[BlackElo "2229"]
[PlyCount "51"]

1. d4 Nf6 2. c4 c5 3. d5 e6 4. Nc3 exd5 5. cxd5 d6 6. e4 g6 7. f4 Bg7 8. Bb5+
Nfd7 9. a4 O-O 10. Nf3 a6 11. Bd3 Nf6 12. O-O Bg4 13. Qb3 Bxf3 14. Rxf3 Qc7 15.
e5 dxe5 16. fxe5 Qxe5 17. Qxb7 Nbd7 18. Bf4 Qd4+ 19. Kh1 Rab8 20. Bxb8 Rxb8 21.
Qxa6 Rxb2 22. Bb5 Ne5 23. Qa8+ Bf8 24. Rxf6 Qxc3 25. Raf1 Ng4 26. Rxf7 1-0

[Event "ICS rated blitz match"]
[Site "204.178.125.65"]
[Date "1999.12.11"]
[Round "?"]
[White "Rabbit-Basher"]
[Black "Hossa"]
[Result "1/2-1/2"]
[WhiteElo "2221"]
[BlackElo "2425"]
[PlyCount "134"]

1. e4 c5 2. Nc3 Nc6 3. f4 Qc7 4. Nf3 Qxf4 5. d4 Qg4 6. d5 Nd4 7. Nxd4 Qxd1+ 8.
Kxd1 cxd4 9. Nb5 Rb8 10. Nxa7 Nf6 11. Bf4 d6 12. Nxc8 Rxc8 13. Bb5+ Kd8 14. Re1
e5 15. Bd2 Ng4 16. c4 Nxh2 17. b4 Ng4 18. a4 Nf2+ 19. Kc2 Rc7 20. a5 Rg8 21. a6
bxa6 22. Rxa6 f6 23. Ra8+ Ke7 24. Bc6 Kf7 25. b5 Be7 26. Rxg8 Kxg8 27. b6 Rc8
28. b7 Rb8 29. Ra1 Bd8 30. Ra8 Bc7 31. Ba5 d3+ 32. Kc1 d2+ 33. Kxd2 Bxa5+ 34.
Ke2 Bc7 35. Kxf2 g6 36. g4 h5 37. gxh5 gxh5 38. Kg3 Kg7 39. Kh4 Kg6 40. Rxb8
Bxb8 41. Be8+ Kg7 42. Kxh5 Kf8 43. Bd7 Kg7 44. Be6 Bc7 45. Kg4 Kg6 46. Bd7 Kg7
47. Kf5 Kf7 48. Be6+ Ke7 49. Kg6 Bb8 50. Kg7 Ba7 51. Bf5 Bb8 52. Kg8 Kd8 53.
Kf7 Kc7 54. Bc8 Kb6 55. Kxf6 Bc7 56. Ke6 Bb8 57. Kd7 Kc5 58. Kd8 Kb6 59. Ke7
Bc7 60. Kd7 Bb8 61. Ke7 Bc7 62. Ke6 Bb8 63. Kd7 Kc5 64. Ke6 Kb6 65. Kd7 Kc5 66.
Ke6 Kb6 67. Kd7 Kc5 1/2-1/2

[Event "ICS rated blitz match"]
[Site "204.178.125.65"]
[Date "1999.12.11"]
[Round "?"]
[White "Hossa"]
[Black "robbok1"]
[Result "1-0"]
[WhiteElo "2417"]
[BlackElo "2487"]
[PlyCount "73"]

1. e4 c5 2. Nc3 e6 3. Nf3 Nc6 4. d4 cxd4 5. Nxd4 Qc7 6. Bc4 Bb4 7. O-O Nf6 8.
Ncb5 Qb8 9. c3 Bc5 10. Nb3 Be7 11. Re1 a6 12. N5d4 b5 13. Bd3 Bd6 14. g3 Ne5
15. Bc2 Nc4 16. f4 Be7 17. e5 Nd5 18. a4 d6 19. axb5 dxe5 20. fxe5 axb5 21.
Rxa8 Qxa8 22. Qg4 g6 23. Nxb5 Qa4 24. N3d4 Qa8 25. Qe2 Ncb6 26. c4 Ba6 27. cxd5
Nxd5 28. Bh6 Bc5 29. Ba4 Ke7 30. Qf2 Bxb5 31. Bxb5 Bxd4 32. Qxd4 Rc8 33. Qh4+
f6 34. exf6+ Kf7 35. Qh3 Nc7 36. Bd7 Qa7+ 37. Be3 1-0

[Event "ICS rated blitz match"]
[Site "204.178.125.65"]
[Date "1999.12.11"]
[Round "?"]
[White "robbok1"]
[Black "Hossa"]
[Result "0-1"]
[WhiteElo "2468"]
[BlackElo "2436"]
[PlyCount "202"]

1. e4 c5 2. Nf3 d6 3. d4 Nf6 4. dxc5 Qa5+ 5. Nfd2 Qxc5 6. Nc3 Nbd7 7. Nb3 Qc7
8. Bg5 e6 9. Be2 Be7 10. O-O O-O 11. Qd2 a6 12. Rad1 b6 13. Rfe1 Bb7 14. f3
Rac8 15. Bf1 Rfd8 16. Be3 b5 17. a3 d5 18. Bf4 Qb6+ 19. Be3 Qd6 20. Bf2 Qc7 21.
Bg3 Qb6+ 22. Bf2 Nc5 23. e5 Nfd7 24. Nd4 Qc7 25. Bg3 Nb8 26. Bf2 Nc6 27. Nxc6
Qxc6 28. Ne2 Rc7 29. Nd4 Qd7 30. b3 Qe8 31. a4 bxa4 32. Qa5 Rdc8 33. b4 Nd7 34.
Qxa4 Qf8 35. Rb1 Nb6 36. Qa5 Nc4 37. Qa4 Nd2 38. Rb2 Nxf1 39. Rxf1 Rc4 40. Rfb1
Bc5 41. c3 Qd8 42. Rd1 Bb6 43. Be1 f6 44. f4 fxe5 45. fxe5 Qc7 46. Re2 Rf8 47.
Qa2 Bc8 48. Rd3 Rf7 49. Qa4 a5 50. Rf2 Rxf2 51. Bxf2 Bd7 52. Qa3 axb4 53. Qa8+
Qc8 54. Qxc8+ Rxc8 55. Ne2 Bb5 56. Rd2 bxc3 57. Rc2 Bxf2+ 58. Kxf2 Bxe2 59.
Kxe2 d4 60. Kd3 Rd8 61. g4 g6 62. g5 Rd7 63. Rf2 Rd5 64. Ra2 Rxe5 65. Kxd4 Rxg5
66. Kxc3 Kg7 67. Kd4 h6 68. Rf2 Ra5 69. Ke4 h5 70. Kd4 g5 71. Ke4 g4 72. Kd4
Kg6 73. Ke4 Rf5 74. Re2 Kg5 75. Kd4 e5+ 76. Ke4 Kf6 77. Kd5 Rf4 78. Kc5 Rd4 79.
Rf2+ Ke6 80. Re2 Rd1 81. Kc4 Rf1 82. Kd3 Kf5 83. Kc4 h4 84. Kd5 g3 85. Rxe5+
Kf4 86. hxg3+ hxg3 87. Re4+ Kf3 88. Re8 g2 89. Rf8+ Ke3 90. Re8+ Kd3 91. Rg8
g1=Q 92. Rxg1 Rxg1 93. Ke5 Re1+ 94. Kd5 Kc3 95. Kc5 Rd1 96. Kc6 Kb4 97. Kb6 Rc1
98. Kb7 Kb5 99. Ka7 Kc6 100. Kb8 Ra1 101. Kc8 Ra8# 0-1

[Event "ICS rated blitz match"]
[Site "204.178.125.65"]
[Date "1999.12.11"]
[Round "?"]
[White "Hossa"]
[Black "PostModernist"]
[Result "0-1"]
[WhiteElo "2453"]
[BlackElo "2586"]
[PlyCount "156"]

1. e4 c5 2. Nc3 e6 3. Nf3 a6 4. d4 cxd4 5. Nxd4 b5 6. e5 Bb7 7. Bf4 Bb4 8. a3
Bxc3+ 9. bxc3 Ne7 10. Bg3 O-O 11. Bh4 Re8 12. Ne2 Nbc6 13. f4 Qc7 14. Qd2 Nf5
15. Bf2 d6 16. exd6 Nxd6 17. Rd1 Rad8 18. Bh4 f6 19. Qc1 e5 20. Bg3 Nc4 21.
Rxd8 Qxd8 22. fxe5 N6xe5 23. h3 Qa5 24. Kf2 Qxa3 25. Qf4 Qb2 26. Qc1 Be4 27.
Qxb2 Nxb2 28. Nd4 Nd1+ 29. Ke2 Nxc3+ 30. Kd2 b4 31. Rg1 a5 32. Bf4 Rd8 33. Ke3
a4 34. Bg3 a3 35. Be1 Nb1 36. Bxb4 Rxd4 37. Bxa3 Ra4 38. Bc5 Bxc2 39. Bd4 Ra3+
40. Kf2 Nd2 41. Bb5 Ne4+ 42. Ke2 Nd6 43. Bxe5 Nxb5 44. Bf4 Nc3+ 45. Kd2 Bg6 46.
h4 Nd5 47. g3 Ra2+ 48. Ke1 Nc3 49. Bc7 Bd3 50. Bf4 Ne4 51. Kd1 Be2+ 52. Kc1
Ra1+ 53. Kc2 Rxg1 54. Bb8 Nxg3 55. Kd2 Bg4 56. Ba7 Rh1 57. Ke3 Nf5+ 58. Kf4
Rxh4 59. Ke4 Be2+ 60. Kd5 Ne7+ 61. Ke6 Kf8 62. Bc5 Bg4+ 63. Kd6 Rh5 64. Ba3 Rb5
65. Kc7 g5 66. Kd8 Rb8+ 67. Kc7 Rc8+ 68. Kb7 Bf3+ 69. Kb6 g4 70. Kb5 Be2+ 71.
Kb6 g3 72. Bd6 Rc6+ 73. Ka5 Rxd6 74. Kb4 g2 75. Kc3 g1=Q 76. Kb3 Rb6+ 77. Kc3
Qc1+ 78. Kd4 Rb4# 0-1